Literature, Language and the Media in India (Record no. 2092)
[ view plain ]
| 000 -LEADER | |
|---|---|
| fixed length control field | 00251nam a22000857a 4500 |
| 003 - CONTROL NUMBER IDENTIFIER | |
| control field | OSt |
| 005 - DATE AND TIME OF LATEST TRANSACTION | |
| control field | 20170830154526.0 |
| 008 - FIXED-LENGTH DATA ELEMENTS--GENERAL INFORMATION | |
| fixed length control field | 160708b xxu||||| |||| 00| 0 eng d |
| 022 ## - INTERNATIONAL STANDARD SERIAL NUMBER | |
| International Standard Serial Number | 8185325752 |
| 040 ## - CATALOGING SOURCE | |
| Transcribing agency | BOOK |
| 100 ## - MAIN ENTRY--PERSONAL NAME | |
| 9 (RLIN) | 2417 |
| Personal name | Offredi, M |
| 245 ## - TITLE STATEMENT | |
| Title | Literature, Language and the Media in India |
| 260 ## - PUBLICATION, DISTRIBUTION, ETC. (IMPRINT) | |
| Place of publication, distribution, etc. | New Delhi |
| Name of publisher, distributor, etc. | Ajay Kumar Jain |
| Date of publication, distribution, etc. | 1992 |
| 942 ## - ADDED ENTRY ELEMENTS (KOHA) | |
| Source of classification or shelving scheme | Dewey Decimal Classification |
| Koha item type | BOOK |
| Withdrawn status | Lost status | Source of classification or shelving scheme | Damaged status | Not for loan | Home library | Current library | Shelving location | Date acquired | Total Checkouts | Full call number | Barcode | Date last seen | Price effective from | Koha item type |
|---|---|---|---|---|---|---|---|---|---|---|---|---|---|---|
| Dewey Decimal Classification | Good Samaritan School Library | Good Samaritan School Library | English | 07/08/2016 | OFF402 B-5 | OFF3201 | 07/08/2016 | 07/08/2016 | BOOK |